| 000 | 01012nas a2200325 4500 | ||
|---|---|---|---|
| 001 | BR2013000371 | ||
| 003 | BR-BrBNA | ||
| 005 | 20231205121804.0 | ||
| 007 | ta | ||
| 008 | 230509b bl.|||p| |||| 00| 00por d | ||
| 040 |
_aBR-BrBNA _bpor _cBiblioteca Nacional de Agricultura |
||
| 041 | _a(Pt) | ||
| 072 | _aF01 | ||
| 100 | 1 | _aPrado, R. de M. | |
| 100 | 1 | _aSantos, V.H.G. | |
| 100 | 1 | _aGondim, A.R. de O. | |
| 100 | 1 | _aAlves, A.U. | |
| 100 | 1 | _aCecílio Filho, A.B. | |
| 100 | 1 | _aCorreia, M.A.R. | |
| 245 | 1 | _aCrescimento e marcha de absorção de nutrientes em tomateiro cultivar Raísa cultivado em sistema hidropônico | |
| 650 | _aTOMATE | ||
| 650 | _aCRESCIMENTO | ||
| 650 | _aSISTEMA DE CULTIVO | ||
| 650 | _aABSORÇÃO DE NUTRIENTES | ||
| 650 | _aMATÉRIA SECA | ||
| 650 | _aCULTIVO PROTEGIDO | ||
| 773 | 0 |
_tSemina. Ciências Agrárias (Brazil) _xISSN 1676-546X _g(Jan-Mar 2011), v. 32(1) p. 19-30 _wBR2013000371 |
|
| 909 |
_a202311 _bLúcia _c55 _dLúcia Elande |
||
| 942 |
_2AGRIS _n0 _cANA |
||
| 999 |
_c225254 _d225254 |
||